000 00369nam a22001337a 4500
008 230320b |||||||| |||| 00| 0 eng d
020 _a978-8180522802
050 _aP91.3
_b.S53 2009
100 _aAggarwal, Shalini
245 _aEssential communication skills/
_cShalini Aggarwal
260 _aNew Delhi
_bAne Books PVt Ltd
_c2009
300 _a181p.
942 _2lcc
_cBK
999 _c20088
_d20087